Dlouhodobé zaměření energetické politiky Československa. 1.
Východisková situácia. Princípy Zásad štátnej energetickej politiky. Stratégia zmien energetickej bilancie. Diverzifikácia dovozu energetických zdrojov. Vytváranie organizačných a vlastníckych foriem v čs. energetickom hospodárstve.
Guardado en:
| Autor principal: | |
|---|---|
| Formato: | Capítulo de libro |
| Lenguaje: | checo |
| Materias: | |
| Etiquetas: |
Sin Etiquetas, Sea el primero en etiquetar este registro!
|
MARC
| LEADER | 00000naa a2200000 4500 | ||
|---|---|---|---|
| 001 | r004225 | ||
| 005 | 20221125080605.7 | ||
| 041 | 0 | |a cze | |
| 044 | |a [CS] | ||
| 245 | 1 | 0 | |a Dlouhodobé zaměření energetické politiky Československa. 1. |c V. Šimůnek |
| 520 | |a Východisková situácia. Princípy Zásad štátnej energetickej politiky. Stratégia zmien energetickej bilancie. Diverzifikácia dovozu energetických zdrojov. Vytváranie organizačných a vlastníckych foriem v čs. energetickom hospodárstve. | ||
| 610 | 2 | 0 | |a energetika |
| 610 | 2 | 0 | |a ČSFR |
| 610 | 2 | 0 | |a bilancia energetická |
| 610 | 2 | 0 | |a zdroje energetické |
| 610 | 2 | 0 | |a dovoz |
| 610 | 2 | 0 | |a štruktúra organizačná |
| 610 | 2 | 0 | |a vlastníctvo |
| 100 | 1 | |a Šimůnek, V. | |